| 000 | 00586nam a2200193 a 4500 | ||
|---|---|---|---|
| 008 | |||
| 020 | _a0798635452 (pbk.) | ||
| 049 | _aMAIN | ||
| 090 | _aHF5679 STO | ||
| 100 | _aStorm, G.J. | ||
| 245 | 0 |
_aApplied accounting for the microcomputer usre : _bbased on pastel accounting version 3 / _cG. J. Storm, A van der Laan. |
|
| 260 |
_aPretoria : _bkagiso Tertiary, _c1995. |
||
| 700 | _avan der Laan, A. | ||
| 907 |
_a.b10111384 _b12-02-07 _c17-02-04 |
||
| 003 | |||
| 005 | 20230123134351.0 | ||
| 040 | _cNUST | ||
| 942 |
_cBOOKS _kHF5679 STO |
||
| 999 |
_c164677 _d164677 |
||